000 00685nam a22002177a 4500
003 UA-OsUOA
001 61044
007 ta
008 20090615b un ||||| |||| 00| 0 ukr d
100 _aКорнієвський О.А.
090 _a32
_bК67
942 _cSA
040 _aUA-OsUOA
_bukr
_cUA-OsUOA
_dUA-OsUOA
245 _aГромадські об'єднаня як суб'єкт політики національної безпеки: постановка проблеми
300 _aС.43-51
955 _a0
041 _aukr
080 _a32
773 0 _w61038
_tСтратегічні пріоритети
_dК.
_d2009
_g1
650 7 _a32 Політика
_2UDC
999 _c347486
_d347486